000 00950nam a22002417a 4500
005 20240530110600.0
008 160404s2013 ua a g b 000 0 ara d
017 _a21326
_bمصر . دار الكتب المصرية
020 _a9789774280405
040 _aEG-CaGPL
082 0 4 _221
_a307.2\
_bأ م
100 0 _aاحمد على حجازى
245 1 0 _aمنظمات المجتمع المدنى و التنمية /
_cتاليف احمد على حجازى
250 _aط1
260 _aالقاهرة :
_bمصر العربية للنشر و التوزيع ،
_c2013 .
300 _a239 ص :
_bجداول ؛
_c24 سم .
504 _aيشتمل على ارجاعات ببليوجرافية
650 0 4 _aمنظمات المجتمع المدنى
650 0 4 _aالتنمية الاقتصادية
_xمنظمات
651 0 4 _aمصر
_xالتنمية الاقتصادية
942 _2ddc
_cBK
999 _c62649
_d62649